000 00419nam a2200181Ia 4500
001 3261
005 20260306144908.0
008 260306t2002||||xx |||||||||||||| ||spa||
041 _aESP
082 _a262.91
_bJ81O
100 _aIribarren, Jesús (Ed.)
_eAUT
245 0 _a11 grandes mensajes
260 _c2002
300 _a844 páginas :
_c17 cm.
650 _aGEN
654 _aCHU
942 _cLIB
_dJUS
_fJUS
_2ddc
_n
999 _c3261
_d3261